000 00844cab a2200241 4500
001 ABS37210
008 090401t1986 xxu||||| |||| 00| 0 eng d
035 _a(Sirsi) u2887
041 _aeng
100 _aLa Dell, T.
245 2 _aA suitable case for trees
260 _c1986
350 _a0
490 _aLandscape Design
_v(164) December 1986,28-31 (4)
520 _aA landscape architect explains the process of successful tree retention on development sites . The landscape architect and or arboriculturalist should be involved at every step from the initial planning stage. Checklist for retaining trees on development sites.Photos,references.
650 _aLANDSCAPE EVALUATION
650 _aSITE DEVELOPMENT
650 _aSITE PLANNING
650 _aTREE PROTECTION
690 _aLAND
942 _n0
948 _c04/03/1997
999 _c1738
_d1738